[Event "London Classic op 10th"]
[Site "London"]
[Date "2018.12.13"]
[Round "5"]
[White "Olarasu, Iuliana"]
[Black "Zhao, Haolin"]
[Result "1-0"]
[WhiteElo "2058"]
[BlackElo "1765"]
[PlyCount "61"]
[EventDate "2018.12.09"]
[EventType "swiss"]
[EventRounds "9"]
[EventCountry "ENG"]
[SourceTitle "CBM 187 Extra"]
[Source "ChessBase"]
[SourceDate "2018.11.04"]
[SourceVersion "1"]
[SourceVersionDate "2018.11.04"]
[SourceQuality "1"]

1. d4 Nf6 2. c4 e6 3. Nf3 Bb4+ 4. Bd2 Qe7 5. a3 Bxd2+ 6. Nbxd2 Nc6 7. e3 d6 8. Be2 a5 9. e4 e5 10. d5 Nb8 11. b4 0-0 12. 0-0 Bg4 13. Kh1 Na6 14. Rb1 Rfb8 15. Ng1 Bxe2 16. Qxe2 c6 17. g3 cxd5 18. cxd5 Rc8 19. Nc4 Qc7 20. Nxa5 b6 21. Nc6 Nb8 22. Rfc1 Nxc6 23. Rxc6 Qd8 24. Rbc1 Rxc6 25. Rxc6 Qb8 26. Qc2 Kf8 27. a4 Ke7 28. Rc7+ Nd7 29. Qc6 Qd8 30. Rxd7+ Qxd7 31. Qxa8 1-0

[Event "London Classic op 10th"]
[Site "London"]
[Date "2018.12.11"]
[Round "3"]
[White "Olarasu, Iuliana"]
[Black "Chilton, James I"]
[Result "0-1"]
[WhiteElo "2058"]
[BlackElo "1738"]
[PlyCount "72"]
[EventDate "2018.12.09"]
[EventType "swiss"]
[EventRounds "9"]
[EventCountry "ENG"]
[SourceTitle "CBM 187 Extra"]
[Source "ChessBase"]
[SourceDate "2018.11.04"]
[SourceVersion "1"]
[SourceVersionDate "2018.11.04"]
[SourceQuality "1"]

1. d4 Nf6 2. c4 e6 3. Nf3 b6 4. Nc3 Bb7 5. a3 Be7 6. Qc2 d5 7. e3 c5 8. cxd5 Nxd5 9. Bb5+ Nc6 10. Ne5 Rc8 11. Qa4 Nxc3 12. bxc3 Qd5 13. 0-0 0-0 14. Bxc6 Bxc6 15. Nxc6 Rxc6 16. Qxa7 Bd6 17. Qa4 c4 18. f3 Qh5 19. h3 b5 20. Qc2 Bg3 21. Qe4 Rfc8 22. Qg4 Qxg4 23. hxg4 e5 24. d5 Rh6 25. e4 Rh4 26. Be3 h5 27. Bg5 Rh2 28. gxh5 Rxh5 29. Be7 f6 30. d6 Kf7 31. Rfd1 Rch8 32. Kf1 Rh2 33. Rab1 Ra8 34. Rxb5 Rxa3 35. Rbd5 Ra2 36. R5d2 Rxd2 0-1

[Event "London Classic rapid op"]
[Site "London"]
[Date "2017.12.09"]
[Round "3.21"]
[White "Olarasu, Iuliana"]
[Black "Ng, Chung Lok Andrew"]
[Result "0-1"]
[WhiteElo "2058"]
[BlackElo "1847"]
[PlyCount "52"]
[EventDate "2017.12.09"]
[EventType "swiss (rapid)"]
[EventRounds "6"]
[EventCountry "ENG"]
[SourceTitle "CBM 182 Extra"]
[Source "ChessBase"]
[SourceDate "2018.02.23"]
[SourceVersion "1"]
[SourceVersionDate "2018.02.23"]
[SourceQuality "1"]

1. d4 d5 2. c4 c6 3. Nc3 Nf6 4. Bg5 dxc4 5. Bxf6 exf6 6. a4 Bb4 7. e3 Be6 8. Nf3 0-0 9. Nd2 Qa5 10. Rc1 b5 11. axb5 cxb5 12. d5 Bxc3 13. Rxc3 Bxd5 14. e4 Bc6 15. Ra3 Qb4 16. Qc2 Rd8 17. Be2 Nd7 18. 0-0 Nc5 19. Rd1 Nxe4 20. Nxe4 Rxd1+ 21. Qxd1 Bxe4 22. Qc1 h6 23. Re3 Bd5 24. Bd1 Be6 25. Bc2 Rd8 26. Rc3 Qd6 0-1

[Event "ROM-chT"]
[Site "Baile Tusnad"]
[Date "1997.??.??"]
[Round "?"]
[White "Olarasu, Iuliana"]
[Black "Gaponenko, Inna"]
[Result "0-1"]
[WhiteElo "2025"]
[BlackElo "2360"]
[PlyCount "52"]
[EventDate "1997.??.??"]
[EventType "team"]
[EventRounds "5"]
[EventCountry "ROU"]
[SourceTitle "EXT 1999"]
[Source "ChessBase"]
[SourceDate "1998.11.16"]
[SourceVersion "1"]
[SourceVersionDate "1998.11.16"]
[SourceQuality "1"]

1. d4 Nf6 2. c4 g6 3. Nc3 Bg7 4. e4 d6 5. f3 0-0 6. Be3 a6 7. a4 Nc6 8. Qd2 e5 9. d5 Nd4 10. Ra3 c5 11. a5 b6 12. axb6 Qxb6 13. Bd3 Rb8 14. Na4 Qc7 15. Ne2 Ne8 16. 0-0 f5 17. Nxd4 exd4 18. Bh6 fxe4 19. Bxe4 Nf6 20. Bxg7 Kxg7 21. Qf4 Nxe4 22. Qxe4 Bf5 23. Qh4 Rfe8 24. Re1 Bc2 25. Nxc5 dxc5 26. Rxa6 d3 0-1